[Event "South African op"]
[Site "Cape Town"]
[Date "2022.07.15"]
[Round "8"]
[White "Louw, Gideon N"]
[Black "Willenberg, Glen I"]
[Result "1-0"]
[WhiteElo "1701"]
[BlackElo "1627"]
[PlyCount "103"]
[EventDate "2022.07.09"]
[EventType "swiss"]
[EventRounds "11"]
[EventCountry "RSA"]
[SourceTitle "CBM 209 Extra"]
[Source "ChessBase"]
[SourceDate "2022.09.30"]
[SourceVersion "1"]
[SourceVersionDate "2022.09.30"]
[SourceQuality "1"]

1. c4 Nf6 2. e3 g6 3. Nc3 Bg7 4. Be2 c6 5. a3 d5 6. cxd5 Nxd5 7. Nf3 0-0 8. h4 Bg4 9. Ng5 Bxe2 10. Qxe2 e5 11. g3 Na6 12. b4 Nxc3 13. dxc3 Qd5 14. 0-0 Rad8 15. Bb2 Qd2 16. Rfe1 Nc7 17. c4 f5 18. c5 Qxe2 19. Rxe2 e4 20. Bxg7 Kxg7 21. a4 h6 22. Nh3 Ne6 23. Nf4 Nxf4 24. gxf4 Rd5 25. Rc2 Rfd8 26. Raa2 a6 27. Kf1 Kf6 28. b5 cxb5 29. axb5 axb5 30. Rab2 Rc8 31. Rxb5 Rc6 32. Rxb7 Rdxc5 33. Rd2 g5 34. h5 gxf4 35. exf4 Rc2 36. Rdd7 e3 37. Rf7+ Ke6 38. Rbe7+ Kd6 39. Rxe3 Rd2 40. Rxf5 Rcc2 41. Rf6+ Kd7 42. Rf3 Rd6 43. Rg6 Ke7 44. f5 Rcc6 45. Kg2 Rf6 46. Kg3 Rc5 47. Kg4 Rc4+ 48. Rf4 Rc1 49. Re4+ Kf7 50. Re6 Rc4+ 51. f4 Rxf4+ 52. Kxf4 1-0

[Event "South African op"]
[Site "Cape Town"]
[Date "2022.07.10"]
[Round "3"]
[White "Mankga, Thabang"]
[Black "Louw, Gideon N"]
[Result "0-1"]
[WhiteElo "1561"]
[BlackElo "1701"]
[PlyCount "74"]
[EventDate "2022.07.09"]
[EventType "swiss"]
[EventRounds "11"]
[EventCountry "RSA"]
[SourceTitle "CBM 209 Extra"]
[Source "ChessBase"]
[SourceDate "2022.09.30"]
[SourceVersion "1"]
[SourceVersionDate "2022.09.30"]
[SourceQuality "1"]

1. d4 Nf6 2. c4 g6 3. Nf3 Bg7 4. g3 0-0 5. Bg2 d6 6. 0-0 Nbd7 7. Qc2 e5 8. Bg5 h6 9. Bd2 Qe7 10. d5 Ne8 11. e4 c5 12. Nc3 f5 13. Nh4 Qf6 14. f4 exf4 15. gxf4 Qxh4 16. exf5 Bd4+ 17. Kh1 Rxf5 18. Rf3 Qf6 19. Re1 Ng7 20. Ne4 Qf8 21. Ng3 Ne5 22. Rff1 Ng4 23. h3 Nf6 24. Nxf5 Bxf5 25. Qc1 Nfh5 26. Kh2 Qf6 27. b4 Qh4 28. Rf3 Bf2 29. Qc3 cxb4 30. Qc1 Bg3+ 31. Kg1 Bxh3 32. Re2 Bg4 33. Bh1 Bxf3 34. Bxf3 Nxf4 35. Bxf4 Bxf4 36. Qb1 Qg3+ 37. Bg2 Be3+ 0-1